UM Logo

Adapting an evidence-based early childhood tier 2 program for early elementary school / (Record no. 21088)

MARC details
000 -LEADER
fixed length control field 01307nam a22002777a 4500
005 - DATE AND TIME OF LATEST TRANSACTION
control field 20260210090904.0
008 - FIXED-LENGTH DATA ELEMENTS--GENERAL INFORMATION
fixed length control field 240830b ||||| |||| 00| 0 eng d
082 ## - DEWEY DECIMAL CLASSIFICATION NUMBER
Classification number DPer 372.05 El262 March-June 2019 v. 119 n. 3-4
100 ## - MAIN ENTRY--PERSONAL NAME
Personal name Sutherland, S.
Relator term author.
9 (RLIN) 59509
245 ## - TITLE STATEMENT
Title Adapting an evidence-based early childhood tier 2 program for early elementary school /
Statement of responsibility, etc. Kevin S. Sutherland, Maureen A. Conroy, Bryce D. McLeod, Kristen Granger, Shannon L. Nemer, Rachel L. Kunemund, Adrienne Johnson, and Chimere Miles.
260 ## - PUBLICATION, DISTRIBUTION, ETC. (IMPRINT)
Place of publication, distribution, etc. Chicago,USA ;
Name of publisher, distributor, etc. University of Chicago Press ,
Date of publication, distribution, etc. June 2019.
300 ## - PHYSICAL DESCRIPTION
Extent Volume 119, pages 542-561 :
Other physical details illustration ;
Dimensions 25 cm.
500 ## - GENERAL NOTE
General note The Elementary School Journal, vol. 119, no. 4, pages 542-561, June 2019.
650 #0 - SUBJECT ADDED ENTRY--TOPICAL TERM
Topical term or geographic name as entry element Behavior disorders.
9 (RLIN) 67342
650 #0 - SUBJECT ADDED ENTRY--TOPICAL TERM
Topical term or geographic name as entry element Early childhood education.
9 (RLIN) 3115
650 #0 - SUBJECT ADDED ENTRY--TOPICAL TERM
Topical term or geographic name as entry element Program effectiveness.
9 (RLIN) 64954
700 ## - ADDED ENTRY--PERSONAL NAME
Personal name Sutherland, S.
Relator term author.
9 (RLIN) 59510
700 ## - ADDED ENTRY--PERSONAL NAME
Personal name Conroy, Maureen A.
Relator term author.
9 (RLIN) 59511
700 ## - ADDED ENTRY--PERSONAL NAME
Personal name McLeod, Bryce D.
Relator term author.
9 (RLIN) 59512
700 ## - ADDED ENTRY--PERSONAL NAME
Personal name Granger, Kristen.
Relator term author.
9 (RLIN) 59513
700 ## - ADDED ENTRY--PERSONAL NAME
Personal name Nemer, Shannon L.
Relator term author.
9 (RLIN) 59514
700 ## - ADDED ENTRY--PERSONAL NAME
Personal name Kunemund, Rachel L.
Relator term author.
9 (RLIN) 59515
700 ## - ADDED ENTRY--PERSONAL NAME
Personal name Johnson, Adrienne.
Relator term author.
9 (RLIN) 59516
700 ## - ADDED ENTRY--PERSONAL NAME
Personal name Miles, Chimere.
Relator term author.
9 (RLIN) 59517
942 ## - ADDED ENTRY ELEMENTS (KOHA)
Source of classification or shelving scheme Dewey Decimal Classification
Koha item type Periodicals
Holdings
Withdrawn status Lost status Source of classification or shelving scheme Damaged status Not for loan Collection code Home library Current library Date acquired Total Checkouts Full call number Date last seen Price effective from Koha item type Public note
    Dewey Decimal Classification     Periodicals UM Digos College - LIC UM Digos College - LIC 08/30/2024   DPer 372.05 El262 March-June 2019 v. 119, n. 3-4 08/30/2024 08/30/2024 Periodicals Periodical Article